[Event "MPJBiS 2020"]
[Site "?"]
[Date "2020.08.30"]
[Round "1.1"]
[White "Seemann, Jakub"]
[Black "Pawlowski, Kamil"]
[Result "1/2-1/2"]
[BlackElo "1177"]
[WhiteElo "1811"]
[LiveChessVersion "1.4.8"]

1. d4 d5 2. c4 e6 3. Nc3 Nf6 4. cxd5 exd5 5. Bg5 Be7 6. e3 Be6 7. Bd3 Nbd7 8. Qc2
c5 9. Nf3 c4 10. Bf5 O-O 11. O-O h6 12. Bh4 g6 13. Bxe6 fxe6 14. Qxg6+ Kh8 15.
Qxh6+ Nh7 16. Qxe6 Bxh4 17. Nxh4 Qxh4 18. Qxd7 Ng5 19. Qxd5 Qg4 20. f3 Qe6 21.
Qxg5 Rg8 22. Qe5+ Qxe5 23. dxe5 Rge8 24. f4 Rad8 25. Rad1 a6 26. Rxd8 Rxd8 27.
Rd1 Re8 28. Rd7 b5 29. Ne4 Rc8 30. Nf6 c3 31. Rh7# 1/2-1/2

[Event "MPJBiS 2020"]
[Site "?"]
[Date "2020.08.30"]
[Round "1.2"]
[White "Nagly, Wojciech"]
[Black "Musial, Igor"]
[Result "0-1"]
[BlackElo "1758"]
[WhiteElo "1174"]
[LiveChessVersion "1.4.8"]

1. e4 {[%clk 0:03:03]} c5 {[%clk 0:03:04]} 2. Nf3 {[%clk 0:03:04]} d6
{[%clk 0:03:05]} 3. d4 {[%clk 0:03:05]} cxd4 {[%clk 0:03:06]} 4. Nxd4
{[%clk 0:03:07]} Nf6 {[%clk 0:03:08]} 5. Nc3 {[%clk 0:03:08]} Nc6
{[%clk 0:03:09]} 6. Be3 {[%clk 0:03:06]} Ng4 {[%clk 0:03:07]} 7. Bb5
{[%clk 0:02:58]} Nxe3 {[%clk 0:02:47]} 8. fxe3 {[%clk 0:02:59]} Bd7
{[%clk 0:02:47]} 9. Nxc6 {[%clk 0:02:59]} bxc6 {[%clk 0:02:44]} 10. Bc4
{[%clk 0:03:00]} e6 {[%clk 0:02:39]} 11. Qf3 {[%clk 0:02:49]} Be7
{[%clk 0:02:29]} 12. O-O-O {[%clk 0:02:48]} d5 {[%clk 0:02:22]} 13. exd5
{[%clk 0:02:48]} cxd5 {[%clk 0:02:23]} 14. Nxd5 {[%clk 0:02:37]} Rc8
{[%clk 0:01:30]} 15. Nxe7 Rxc4 {[%clk 0:01:06]} 16. Nd5 {[%clk 0:02:19]} exd5 17.
Qxd5 {[%clk 0:02:19]} Rc7 {[%clk 0:00:53]} 18. Qe5+ {[%clk 0:02:12]} Kf8
{[%clk 0:00:37]} 19. Qd6+ {[%clk 0:02:13]} Kg8 {[%clk 0:00:35]} 20. Rhf1
{[%clk 0:02:09]} Qc8 {[%clk 0:00:22]} 21. Qd3 {[%clk 0:02:01]} h5
{[%clk 0:00:19]} 22. Qb3 {[%clk 0:02:00]} Be6 {[%clk 0:00:18]} 23. Qd3
{[%clk 0:02:02]} g6 {[%clk 0:00:13]} 24. Rd2 {[%clk 0:01:57]} Kh7
{[%clk 0:00:14]} 25. h3 {[%clk 0:01:52]} Re8 {[%clk 0:00:15]} 26. Qd4
{[%clk 0:01:49]} Bf5 {[%clk 0:00:11]} 27. Rff2 {[%clk 0:01:45]} Rd7
{[%clk 0:00:09]} 28. Qb4 {[%clk 0:01:33]} Rxe3 {[%clk 0:00:05]} 29. Rxd7
{[%clk 0:01:31]} Qxd7 {[%clk 0:00:06]} 30. Qd2 {[%clk 0:01:28]} Qxd2+
{[%clk 0:00:07]} 31. Rxd2 Re1+ 32. Rd1 {[%clk 0:01:30]} Re2 {[%clk 0:00:09]} 33.
Rd2 {[%clk 0:01:30]} Rxd2 {[%clk 0:00:10]} 34. Kxd2 {[%clk 0:01:29]} Be4 35. g3
g5 {[%clk 0:00:06]} 36. c4 {[%clk 0:01:29]} h4 {[%clk 0:00:04]} 37. gxh4
{[%clk 0:01:28]} gxh4 {[%clk 0:00:06]} 38. Ke3 {[%clk 0:01:28]} Bg2
{[%clk 0:00:05]} 39. Kf4 {[%clk 0:01:25]} Bxh3 {[%clk 0:00:05]} 40. Kg5
{[%clk 0:01:24]} Be6 {[%clk 0:00:06]} 41. Kxh4 {[%clk 0:01:23]} Bxc4 42. b3 Be6
{[%clk 0:00:09]} 43. Kg5 {[%clk 0:01:25]} Kg7 {[%clk 0:00:10]} 44. Kf4
{[%clk 0:01:27]} Kf6 {[%clk 0:00:11]} 45. Ke4 {[%clk 0:01:27]} Ke7 46. Kd4
{[%clk 0:01:25]} f5 {[%clk 0:00:11]} 47. Ke5 {[%clk 0:01:26]} Kd7
{[%clk 0:00:13]} 48. Kd4 {[%clk 0:01:27]} Kd6 {[%clk 0:00:14]} 49. Kd3
{[%clk 0:01:25]} Ke5 {[%clk 0:00:15]} 50. Ke3 {[%clk 0:01:26]} f4+
{[%clk 0:00:16]} 51. Kf3 {[%clk 0:01:27]} Bd5+ {[%clk 0:00:17]} 52. Kf2
{[%clk 0:01:28]} f3 {[%clk 0:00:18]} 53. Kf1 {[%clk 0:01:30]} Kf4
{[%clk 0:00:19]} 54. Kf2 {[%clk 0:01:31]} a5 {[%clk 0:00:20]} 55. a3
{[%clk 0:01:17]} Bxb3 {[%clk 0:00:20]} 56. Kf1 {[%clk 0:01:18]} Ke3
{[%clk 0:00:19]} 57. Ke1 {[%clk 0:01:18]} f2+ {[%clk 0:00:19]} 58. Kf1
{[%clk 0:01:20]} Kf3 {[%clk 0:00:20]} 59. a4 {[%clk 0:01:20]} Bc4#
{[%clk 0:00:21]} 0-1

[Event "MPJBiS 2020"]
[Site "?"]
[Date "2020.08.30"]
[Round "1.3"]
[White "Raczek, Krzysztof"]
[Black "Kolasa, Michal"]
[Result "1-0"]
[BlackElo "1159"]
[WhiteElo "1720"]
[LiveChessVersion "1.4.8"]

1. d4 {[%clk 0:03:04]} c6 {[%clk 0:03:03]} 2. c4 {[%clk 0:03:05]} d5
{[%clk 0:03:03]} 3. Nf3 {[%clk 0:03:07]} Bf5 {[%clk 0:03:03]} 4. Nc3
{[%clk 0:03:08]} Nf6 5. Bf4 e6 {[%clk 0:03:03]} 6. e3 {[%clk 0:03:11]} Bd6
{[%clk 0:03:03]} 7. Bg3 {[%clk 0:03:12]} Qc7 {[%clk 0:02:56]} 8. Bd3
{[%clk 0:03:10]} Bxd3 {[%clk 0:02:36]} 9. Qxd3 {[%clk 0:03:11]} dxc4
{[%clk 0:02:31]} 10. Qxc4 {[%clk 0:03:12]} Nbd7 {[%clk 0:02:29]} 11. Rc1
{[%clk 0:03:02]} Nb6 {[%clk 0:02:25]} 12. Qb3 {[%clk 0:03:01]} a6
{[%clk 0:02:14]} 13. Bxd6 {[%clk 0:03:00]} Qxd6 {[%clk 0:02:14]} 14. Qxb6
{[%clk 0:03:01]} Nd5 {[%clk 0:02:13]} 15. Nxd5 {[%clk 0:03:02]} Qxd5
{[%clk 0:02:13]} 16. Qxb7 {[%clk 0:03:02]} O-O {[%clk 0:02:06]} 17. Qxc6
{[%clk 0:03:03]} Qxa2 {[%clk 0:02:01]} 18. O-O {[%clk 0:03:04]} Qxb2
{[%clk 0:01:57]} 19. Ne5 {[%clk 0:03:06]} a5 {[%clk 0:01:31]} 20. Rc2
{[%clk 0:03:06]} Qb3 {[%clk 0:01:27]} 21. Qc4 {[%clk 0:03:06]} Qb6
{[%clk 0:01:25]} 22. Nd7 {[%clk 0:03:05]} Qd6 {[%clk 0:01:24]} 23. Nxf8
{[%clk 0:03:04]} Rxf8 {[%clk 0:01:25]} 24. Qc5 {[%clk 0:03:06]} Qa6
{[%clk 0:01:21]} 25. Ra2 {[%clk 0:03:07]} a4 {[%clk 0:01:21]} 26. Rfa1
{[%clk 0:03:07]} Rb8 {[%clk 0:01:19]} 27. h3 {[%clk 0:03:03]} h6 {[%clk 0:01:10]}
28. Rxa4 {[%clk 0:03:03]} Qe2 {[%clk 0:00:59]} 29. R4a2 {[%clk 0:03:01]} Rb2
{[%clk 0:00:51]} 30. Rxb2 {[%clk 0:03:02]} Qxb2 {[%clk 0:00:52]} 31. Qa3
{[%clk 0:02:58]} Qc2 {[%clk 0:00:45]} 32. Rc1 {[%clk 0:03:00]} Qe4
{[%clk 0:00:44]} 33. Qe7 {[%clk 0:02:56]} Qf5 {[%clk 0:00:37]} 34. Qe8+
{[%clk 0:02:49]} Kh7 {[%clk 0:00:36]} 35. Qa4 {[%clk 0:02:49]} Qd5
{[%clk 0:00:29]} 36. Qc2+ {[%clk 0:02:50]} Kh8 {[%clk 0:00:26]} 37. Qc6
{[%clk 0:02:47]} Qf5 {[%clk 0:00:23]} 38. e4 {[%clk 0:02:44]} Qf6
{[%clk 0:00:17]} 39. d5 {[%clk 0:02:42]} exd5 {[%clk 0:00:12]} 40. Qxf6
{[%clk 0:02:42]} gxf6 {[%clk 0:00:13]} 41. exd5 1-0

[Event "MPJBiS 2020"]
[Site "?"]
[Date "2020.08.30"]
[Round "1.4"]
[White "Michalski, Daniel"]
[Black "Warchol, Kamil"]
[Result "0-1"]
[BlackElo "1690"]
[WhiteElo "1170"]
[LiveChessVersion "1.4.8"]

1. d4 {[%clk 0:03:03]} d5 {[%clk 0:03:03]} 2. c4 {[%clk 0:03:04]} dxc4
{[%clk 0:03:05]} 3. e4 {[%clk 0:03:04]} c5 {[%clk 0:03:05]} 4. Nf3
{[%clk 0:03:04]} cxd4 {[%clk 0:03:06]} 5. Nxd4 {[%clk 0:03:05]} Nc6
{[%clk 0:02:59]} 6. Nxc6 {[%clk 0:03:03]} Qxd1+ {[%clk 0:03:00]} 7. Kxd1
{[%clk 0:03:04]} bxc6 {[%clk 0:03:01]} 8. Bxc4 {[%clk 0:03:05]} e5
{[%clk 0:02:54]} 9. Nc3 {[%clk 0:03:05]} Nf6 {[%clk 0:02:55]} 10. Bg5
{[%clk 0:03:03]} Be6 {[%clk 0:02:51]} 11. Bxe6 {[%clk 0:03:03]} fxe6
{[%clk 0:02:52]} 12. Bxf6 {[%clk 0:03:03]} gxf6 {[%clk 0:02:53]} 13. Ke2
{[%clk 0:03:02]} Rb8 {[%clk 0:02:49]} 14. b3 {[%clk 0:03:03]} Bc5
{[%clk 0:02:44]} 15. f3 {[%clk 0:03:03]} Ke7 {[%clk 0:02:43]} 16. Rad1
{[%clk 0:03:03]} Bd4 {[%clk 0:02:40]} 17. Na4 {[%clk 0:02:59]} h5
{[%clk 0:02:33]} 18. f4 {[%clk 0:02:59]} Rb4 {[%clk 0:02:20]} 19. fxe5
{[%clk 0:02:58]} Bxe5 {[%clk 0:02:19]} 20. Rd2 {[%clk 0:02:51]} Rxe4+
{[%clk 0:02:18]} 21. Kf3 {[%clk 0:02:49]} Rf4+ {[%clk 0:02:17]} 22. Ke2
{[%clk 0:02:49]} Rd4 {[%clk 0:02:06]} 23. Rc2 {[%clk 0:02:46]} Rc8
{[%clk 0:02:01]} 24. Rhc1 {[%clk 0:02:44]} Kd6 {[%clk 0:01:47]} 25. Kf2
{[%clk 0:02:30]} Bxh2 {[%clk 0:01:32]} 26. g3 {[%clk 0:02:30]} h4
{[%clk 0:01:34]} 27. gxh4 {[%clk 0:02:29]} Rxh4 {[%clk 0:01:34]} 28. Rd1+
{[%clk 0:02:25]} Ke7 {[%clk 0:01:23]} 29. Nc5 {[%clk 0:02:22]} Bd6
{[%clk 0:01:20]} 30. Nb7 {[%clk 0:02:12]} Rh2+ {[%clk 0:01:20]} 31. Ke1
{[%clk 0:02:11]} Bg3+ {[%clk 0:01:19]} 32. Kf1 {[%clk 0:02:05]} Rxc2
{[%clk 0:01:20]} 33. Na5 {[%clk 0:02:03]} Rh8 {[%clk 0:01:19]} 34. Nxc6+
{[%clk 0:01:59]} Rxc6 {[%clk 0:01:18]} 35. Kg2 {[%clk 0:01:58]} Be5
{[%clk 0:01:19]} 36. Kf3 {[%clk 0:01:54]} Rc3+ {[%clk 0:01:20]} 37. Ke2
{[%clk 0:01:53]} Rh2+ {[%clk 0:01:21]} 38. Ke1 {[%clk 0:01:53]} Rg3
{[%clk 0:01:22]} 39. Kf1 {[%clk 0:01:51]} Bc7 {[%clk 0:01:22]} 40. Rd4
{[%clk 0:01:44]} Bb6 {[%clk 0:01:22]} 41. Ke1 {[%clk 0:01:43]} Rg1#
{[%clk 0:01:23]} 0-1

[Event "MPJBiS 2020"]
[Site "?"]
[Date "2020.08.30"]
[Round "1.5"]
[White "Krawczyk, Flawian"]
[Black "Lonski, Aleksander"]
[Result "1-0"]
[BlackElo "1165"]
[WhiteElo "1639"]
[LiveChessVersion "1.4.8"]

1. e4 e5 2. Nf3 Nc6 3. Bb5 d6 4. d4 exd4 5. Qxd4 Bd7 6. Bxc6 Bxc6 7. O-O Nf6 8.
Re1 Be7 9. c4 O-O 10. Nc3 b6 11. h3 Bb7 12. Be3 Nd7 13. Rad1 Bf6 14. Qd3 Ne5 15.
Nxe5 dxe5 16. Qe2 Qe7 17. b3 Rfd8 18. Bc1 g6 19. Nb5 a6 20. Ba3 c5 21. Nc3 Bg7
22. Na4 Qc7 23. Bb2 Bc6 24. Nc3 Bb7 25. Nd5 Bxd5 26. exd5 f6 27. a3 Rac8 28. Qe4
Rd6 29. Bc1 a5 30. f4 Re8 31. Bb2 Qe7 32. fxe5 fxe5 33. Re2 Qc7 34. Rde1 Rd7 35.
Qd3 Qd6 36. Bc3 Rde7 37. Re4 Rf7 38. Qd2 Rfe7 39. b4 axb4 40. axb4 Ra7 41. bxc5
bxc5 42. Qb2 Rae7 43. Rb1 Rc7 44. Qb6 Qd8 45. Rbe1 Rce7 1-0

[Event "MPJBiS 2020"]
[Site "?"]
[Date "2020.08.30"]
[Round "1.6"]
[White "Rozek, Michal"]
[Black "Jaworski, Tymon"]
[Result "1-0"]
[BlackElo "1559"]
[WhiteElo "1165"]
[LiveChessVersion "1.4.8"]

1. e4 {[%clk 0:03:02]} e5 {[%clk 0:03:02]} 2. Nf3 {[%clk 0:03:03]} Nc6
{[%clk 0:03:02]} 3. Bc4 {[%clk 0:03:03]} Bc5 {[%clk 0:03:01]} 4. O-O
{[%clk 0:03:03]} Nf6 {[%clk 0:02:47]} 5. d3 {[%clk 0:03:03]} d6 {[%clk 0:02:44]}
6. c3 {[%clk 0:02:39]} Bg4 {[%clk 0:02:38]} 7. Be3 {[%clk 0:02:35]} Bb6
{[%clk 0:02:18]} 8. Nbd2 {[%clk 0:02:30]} O-O {[%clk 0:01:52]} 9. Re1
{[%clk 0:02:23]} d5 {[%clk 0:01:38]} 10. exd5 {[%clk 0:02:11]} Nxd5
{[%clk 0:01:34]} 11. Bxb6 {[%clk 0:02:05]} Nxb6 {[%clk 0:01:28]} 12. h3
{[%clk 0:01:28]} Bh5 {[%clk 0:00:48]} 13. g4 {[%clk 0:01:23]} Bg6
{[%clk 0:00:49]} 14. Nxe5 {[%clk 0:01:12]} Nxe5 {[%clk 0:00:46]} 15. Rxe5
{[%clk 0:01:11]} Nxc4 {[%clk 0:00:25]} 16. dxc4 {[%clk 0:00:58]} Qd3
{[%clk 0:00:17]} 17. Re3 {[%clk 0:00:55]} Qd6 {[%clk 0:00:16]} 18. Ne4
{[%clk 0:00:50]} Qxd1+ {[%clk 0:00:11]} 19. Rxd1 {[%clk 0:00:50]} Rad8
{[%clk 0:00:09]} 20. Rxd8 {[%clk 0:00:36]} Rxd8 {[%clk 0:00:10]} 21. Ng3
{[%clk 0:00:30]} Kf8 {[%clk 0:00:10]} 22. Re2 {[%clk 0:00:27]} Bd3
{[%clk 0:00:10]} 23. Rd2 {[%clk 0:00:29]} Ke8 {[%clk 0:00:09]} 24. c5
{[%clk 0:00:26]} Bc4 {[%clk 0:00:04]} 25. Rxd8+ {[%clk 0:00:26]} Kxd8
{[%clk 0:00:06]} 26. b3 {[%clk 0:00:26]} Bd3 {[%clk 0:00:05]} 27. a3
{[%clk 0:00:22]} a5 {[%clk 0:00:04]} 28. b4 {[%clk 0:00:21]} axb4
{[%clk 0:00:05]} 29. cxb4 {[%clk 0:00:22]} Kd7 {[%clk 0:00:06]} 30. Nf5
{[%clk 0:00:22]} Bxf5 {[%clk 0:00:07]} 31. gxf5 {[%clk 0:00:23]} Ke7
{[%clk 0:00:07]} 32. Kg2 {[%clk 0:00:23]} Kf6 {[%clk 0:00:08]} 33. Kf3
{[%clk 0:00:24]} Kxf5 {[%clk 0:00:09]} 34. a4 {[%clk 0:00:25]} Ke5
{[%clk 0:00:10]} 35. Ke3 {[%clk 0:00:22]} Kd5 {[%clk 0:00:11]} 36. Kd3
{[%clk 0:00:23]} g5 {[%clk 0:00:08]} 37. f3 {[%clk 0:00:24]} f5 {[%clk 0:00:08]}
38. a5 {[%clk 0:00:20]} h5 {[%clk 0:00:08]} 39. Ke3 {[%clk 0:00:19]} Kc4
{[%clk 0:00:08]} 40. c6 {[%clk 0:00:20]} 1-0

[Event "MPJBiS 2020"]
[Site "?"]
[Date "2020.08.30"]
[Round "1.7"]
[White "Grot, Blazej"]
[Black "Pietkiewicz, Andrzej"]
[Result "1-0"]
[BlackElo "1157"]
[WhiteElo "1557"]
[LiveChessVersion "1.4.8"]

1. e4 e5 2. Nf3 Nc6 3. Bb5 a6 4. Ba4 Nf6 5. O-O d6 6. d4 exd4 7. Nxd4 Bd7 8. Bxc6
Bxc6 9. Nxc6 bxc6 10. Nc3 Be7 11. Re1 O-O 12. Bf4 Qd7 13. Bg3 h6 14. h3 Rab8 15.
b3 Nh7 16. Qd2 Bf6 17. e5 Be7 18. Rad1 Rbd8 19. Ne4 d5 20. Nc3 Bb4 21. Qd4 a5 22.
Re3 Ng5 23. Na4 Ne6 24. Qd3 Nc5 25. Nxc5 Bxc5 26. Re2 Qe7 27. f4 g6+ 28. Kh2 Kg7
29. f5 gxf5 30. Qxf5 Qg5 31. Qd3 Bb4 32. Rf1 Qg6 33. Qf3 Rde8 34. c3 Bc5 35. Bh4
Be7 36. Bxe7 Rxe7 37. Qf6+ Qxf6 38. exf6+ Kg8 39. Rxe7 Kh7 40. Rxc7 Kg6 41. Rxc6
Re8 42. b4 axb4 43. cxb4 Ra8 44. Rc2 Rb8 45. a3 Ra8 46. Rc3 d4 47. Rg3+ Kh7 48.
Rg7+ Kh8 49. Rxf7 Rxa3 50. Rd7 Ra8 51. Re1 Kg8 52. Rxd4 Kf7 53. Rf4 Ra6 54. Re7+
Kf8 55. Rb7 Ra8 56. f7 Ra2 57. Rb8+ 1-0

[Event "MPJBiS 2020"]
[Site "?"]
[Date "2020.08.30"]
[Round "1.8"]
[White "Wilangowski, Olivier"]
[Black "Wierzbicki, Dawid"]
[Result "0-1"]
[BlackElo "1550"]
[WhiteElo "1156"]
[LiveChessVersion "1.4.8"]

1. e4 {[%clk 0:03:02]} c5 {[%clk 0:03:03]} 2. c3 {[%clk 0:03:03]} d5
{[%clk 0:03:04]} 3. exd5 {[%clk 0:03:03]} Qxd5 {[%clk 0:03:04]} 4. d4
{[%clk 0:03:02]} cxd4 {[%clk 0:03:05]} 5. cxd4 {[%clk 0:03:02]} e6
{[%clk 0:03:05]} 6. Nc3 {[%clk 0:03:02]} Bb4 {[%clk 0:03:05]} 7. Nf3
{[%clk 0:03:00]} Nc6 {[%clk 0:03:03]} 8. Be2 {[%clk 0:02:51]} Nf6
{[%clk 0:02:56]} 9. O-O {[%clk 0:02:44]} Bxc3 {[%clk 0:02:56]} 10. bxc3
{[%clk 0:02:43]} O-O {[%clk 0:02:56]} 11. c4 {[%clk 0:02:34]} Qd8
{[%clk 0:02:54]} 12. Bb2 {[%clk 0:02:32]} Bd7 {[%clk 0:02:44]} 13. Rc1
{[%clk 0:02:25]} Ne7 {[%clk 0:02:32]} 14. Qd3 {[%clk 0:02:12]} Ng6
{[%clk 0:02:31]} 15. Rfd1 {[%clk 0:01:59]} Bc6 {[%clk 0:02:07]} 16. d5
{[%clk 0:01:24]} exd5 {[%clk 0:01:57]} 17. Bxf6 {[%clk 0:01:23]} Qxf6
{[%clk 0:01:57]} 18. cxd5 {[%clk 0:01:20]} Nf4 {[%clk 0:01:56]} 19. Qc4
{[%clk 0:00:57]} Nxe2+ {[%clk 0:01:32]} 20. Qxe2 {[%clk 0:00:55]} Bd7
{[%clk 0:01:32]} 21. Qe5 {[%clk 0:00:46]} Qa6 {[%clk 0:01:16]} 22. Rc7
{[%clk 0:00:34]} Rad8 {[%clk 0:01:15]} 23. Qb2 {[%clk 0:00:25]} b6
{[%clk 0:00:58]} 24. d6 {[%clk 0:00:24]} Rfe8 {[%clk 0:00:49]} 25. Ne5
{[%clk 0:00:24]} Ba4 {[%clk 0:00:38]} 26. Rd2 {[%clk 0:00:16]} Qa5
{[%clk 0:00:34]} 27. Nxf7 {[%clk 0:00:12]} Re1# 0-1

[Event "MPJBiS 2020"]
[Site "?"]
[Date "2020.08.30"]
[Round "1.9"]
[White "Rekuc, Patryk"]
[Black "Wasilewski, Stanislaw"]
[Result "1/2-1/2"]
[BlackElo "1155"]
[WhiteElo "1545"]
[LiveChessVersion "1.4.8"]

1. d4 {[%clk 0:03:03]} Nf6 {[%clk 0:03:03]} 2. Nf3 e6 3. Bf4 {[%clk 0:03:01]} d5
{[%clk 0:03:01]} 4. e3 {[%clk 0:03:02]} c5 {[%clk 0:03:01]} 5. c4
{[%clk 0:03:03]} Nc6 {[%clk 0:03:02]} 6. Be2 {[%clk 0:02:58]} Be7
{[%clk 0:02:58]} 7. O-O {[%clk 0:02:58]} O-O {[%clk 0:02:57]} 8. Nc3
{[%clk 0:02:59]} b6 {[%clk 0:02:53]} 9. dxc5 {[%clk 0:02:52]} Bxc5
{[%clk 0:02:46]} 10. cxd5 {[%clk 0:02:52]} exd5 {[%clk 0:02:39]} 11. Bb5
{[%clk 0:02:53]} Bb7 {[%clk 0:02:37]} 12. Rc1 {[%clk 0:02:50]} Rc8
{[%clk 0:02:35]} 13. Nd4 {[%clk 0:02:30]} Nxd4 {[%clk 0:02:26]} 14. exd4
{[%clk 0:02:30]} Bd6 {[%clk 0:02:25]} 15. Bg3 {[%clk 0:02:17]} Bxg3 16. fxg3
{[%clk 0:02:18]} Qe7 {[%clk 0:02:02]} 17. Re1 {[%clk 0:02:08]} Qb4
{[%clk 0:01:46]} 18. Qd2 {[%clk 0:01:39]} a6 {[%clk 0:01:37]} 19. Bd3
{[%clk 0:01:32]} Qd6 {[%clk 0:01:34]} 20. a3 {[%clk 0:01:28]} h6 {[%clk 0:01:34]}
21. Qf4 {[%clk 0:01:10]} Qxf4 {[%clk 0:01:25]} 22. gxf4 {[%clk 0:01:11]} Rfe8
{[%clk 0:01:16]} 23. Rxe8+ {[%clk 0:01:12]} Rxe8 {[%clk 0:01:16]} 24. Na4
{[%clk 0:01:12]} b5 {[%clk 0:00:53]} 25. Nc5 {[%clk 0:01:13]} Bc8
{[%clk 0:00:47]} 26. Kf2 Ne4+ {[%clk 0:00:49]} 27. Nxe4 {[%clk 0:01:02]} dxe4
{[%clk 0:00:49]} 28. Be2 {[%clk 0:01:02]} e3+ {[%clk 0:00:49]} 29. Kg3 Bb7
{[%clk 0:00:49]} 30. Rc7 {[%clk 0:00:49]} Bc8 {[%clk 0:00:40]} 31. d5
{[%clk 0:00:47]} Bf5 {[%clk 0:00:28]} 32. Kf3 {[%clk 0:00:34]} Be4+
{[%clk 0:00:24]} 33. Kg3 {[%clk 0:00:34]} Bxd5 {[%clk 0:00:24]} 34. Rd7
{[%clk 0:00:33]} Bc6 {[%clk 0:00:14]} 35. Rd6 {[%clk 0:00:34]} Bb7
{[%clk 0:00:14]} 36. Rd7 {[%clk 0:00:27]} Bc8 {[%clk 0:00:14]} 37. Rd6
{[%clk 0:00:27]} Kf8 {[%clk 0:00:12]} 38. h3 {[%clk 0:00:23]} g6 {[%clk 0:00:12]}
39. Kh2 {[%clk 0:00:19]} Kg7 {[%clk 0:00:13]} 40. Kg1 {[%clk 0:00:17]} f5
{[%clk 0:00:13]} 41. g3 {[%clk 0:00:18]} g5 {[%clk 0:00:12]} 42. fxg5
{[%clk 0:00:18]} 1/2-1/2

[Event "MPJBiS 2020"]
[Site "?"]
[Date "2020.08.30"]
[Round "1.10"]
[White "Nowakowski, Maksymilian"]
[Black "Skrzypinski, Jan"]
[Result "0-1"]
[BlackElo "1540"]
[WhiteElo "1152"]
[LiveChessVersion "1.4.8"]

1. d4 {[%clk 0:03:03]} Nf6 {[%clk 0:03:04]} 2. c4 {[%clk 0:03:03]} e6
{[%clk 0:03:03]} 3. Nc3 {[%clk 0:03:04]} Bb4 {[%clk 0:03:03]} 4. Bg5
{[%clk 0:03:04]} c5 {[%clk 0:02:54]} 5. e3 {[%clk 0:03:06]} Nc6 {[%clk 0:02:50]}
6. Nf3 {[%clk 0:03:06]} h6 {[%clk 0:02:39]} 7. Bh4 {[%clk 0:03:07]} cxd4
{[%clk 0:02:30]} 8. Nxd4 {[%clk 0:02:50]} Qa5 {[%clk 0:02:17]} 9. Qc2
{[%clk 0:02:24]} Nxd4 {[%clk 0:02:14]} 10. exd4 {[%clk 0:02:24]} d5
{[%clk 0:02:14]} 11. Bxf6 {[%clk 0:02:21]} gxf6 {[%clk 0:02:14]} 12. Be2
{[%clk 0:02:18]} dxc4 {[%clk 0:02:04]} 13. Bxc4 {[%clk 0:02:18]} Bxc3+
{[%clk 0:02:03]} 14. Qxc3 {[%clk 0:02:19]} Qxc3+ {[%clk 0:02:03]} 15. bxc3
{[%clk 0:02:20]} Bd7 {[%clk 0:02:04]} 16. O-O {[%clk 0:02:19]} Rg8
{[%clk 0:02:04]} 17. f3 {[%clk 0:02:17]} Bc6 {[%clk 0:02:03]} 18. Bb3
{[%clk 0:02:15]} O-O-O {[%clk 0:01:58]} 19. Rab1 {[%clk 0:02:08]} Rg7
{[%clk 0:01:55]} 20. Kf2 {[%clk 0:02:01]} e5 {[%clk 0:01:54]} 21. Rbd1
{[%clk 0:01:59]} exd4 {[%clk 0:01:39]} 22. Rxd4 {[%clk 0:01:55]} Rxd4
{[%clk 0:01:38]} 23. cxd4 {[%clk 0:01:56]} Bd7 {[%clk 0:01:35]} 24. Re1
{[%clk 0:01:51]} Kd8 {[%clk 0:01:27]} 25. Re4 {[%clk 0:01:43]} a5
{[%clk 0:01:08]} 26. Rh4 {[%clk 0:01:34]} a4 {[%clk 0:01:09]} 27. Bc2
{[%clk 0:01:34]} a3 {[%clk 0:00:47]} 28. Rxh6 {[%clk 0:01:30]} Be6
{[%clk 0:00:48]} 29. Bb1 {[%clk 0:01:28]} Ke7 {[%clk 0:00:31]} 30. Rh5
{[%clk 0:01:24]} Rg5 {[%clk 0:00:29]} 31. Rh4 {[%clk 0:01:21]} Rb5
{[%clk 0:00:28]} 32. Bc2 {[%clk 0:01:15]} Rb2 {[%clk 0:00:28]} 33. Re4
{[%clk 0:01:08]} Rxc2+ {[%clk 0:00:27]} 34. Ke3 {[%clk 0:01:09]} Rxa2
{[%clk 0:00:28]} 35. d5 {[%clk 0:01:10]} Rxg2 {[%clk 0:00:20]} 36. dxe6
{[%clk 0:01:09]} fxe6 {[%clk 0:00:20]} 37. Ra4 {[%clk 0:01:09]} a2
{[%clk 0:00:20]} 38. h4 {[%clk 0:01:09]} Kf7 {[%clk 0:00:19]} 39. Ra7
{[%clk 0:01:02]} Kg6 {[%clk 0:00:19]} 40. Kd3 {[%clk 0:01:01]} b5
{[%clk 0:00:20]} 41. Kc3 {[%clk 0:01:01]} Rf2 {[%clk 0:00:14]} 42. Kb4
{[%clk 0:01:00]} Rb2+ {[%clk 0:00:15]} 43. Kc3 {[%clk 0:00:59]} Rf2
{[%clk 0:00:16]} 44. Kb4 {[%clk 0:01:00]} Rxf3 {[%clk 0:00:17]} 45. Kxb5
{[%clk 0:01:00]} Rf2 {[%clk 0:00:18]} 46. Kb4 {[%clk 0:01:01]} Rh2
{[%clk 0:00:19]} 47. Kb3 {[%clk 0:01:01]} e5 {[%clk 0:00:20]} 48. Kc3
{[%clk 0:01:00]} e4 {[%clk 0:00:21]} 49. Kd4 {[%clk 0:01:01]} f5 {[%clk 0:00:22]}
50. Ke3 {[%clk 0:01:02]} Rh3+ {[%clk 0:00:23]} 51. Ke2 {[%clk 0:00:57]} Rxh4
{[%clk 0:00:23]} 52. Ra6+ {[%clk 0:00:57]} Kg5 {[%clk 0:00:24]} 53. Kf1
{[%clk 0:00:57]} a1=Q+ 0-1